Znalostní pracovník v informační společnosti

Enregistré dans:
Détails bibliographiques
Auteur principal: Rankov, Pavol
Format: Livre
Langue:tchèque
anglais
Publié: Opava Slezská univerzita v Opavě. Filozoficko-přírodovědecká fakulta v Opavě. Ústav informatiky 2014
Sujets:
Tags: Ajouter un tag
Pas de tags, Soyez le premier à ajouter un tag!

MARC

LEADER 00000nam a2200000 4500
001 0200339
005 20221207093947.5
020 |a 978-80-7510-123-5 
041 0 |a cze 
041 0 |a eng 
044 |a CZ 
245 1 0 |a Znalostní pracovník v informační společnosti  |c Pavol Rankov 
264 1 |a Opava  |b Slezská univerzita v Opavě. Filozoficko-přírodovědecká fakulta v Opavě. Ústav informatiky  |c 2014 
300 |a 152 s. 
610 2 0 |a spoločnosť informačná 
610 2 0 |a informácie 
610 2 0 |a vedomosti 
610 2 0 |a zručnosti 
610 2 0 |a ekonomika znalostná 
610 2 0 |a vzdelávanie 
610 2 0 |a pracovníci odborní 
610 2 0 |a experti 
610 2 0 |a kompetencie komunikačné 
610 2 0 |a gramotnosť informačná 
610 2 0 |a spoločnosť vedomostná 
100 1 |a Rankov, Pavol